| 000 | 02082nam2a2200313 4500 | ||
|---|---|---|---|
| 001 | RU\NLR\bibl\53215 | ||
| 005 | 20250616084751.0 | ||
| 010 | _a5-691-00291-0 | ||
| 021 |
_aRU _b99-28629 _91392 |
||
| 035 | _a(NLR Aleph) 000051919 | ||
| 090 |
_a278592 _c278592 |
||
| 100 | _a19991015d1999 |||y0rusy50 ca | ||
| 101 | 0 | _arus | |
| 102 | _aRU | ||
| 105 | _aa ||||||||| | ||
| 200 | 1 | _aВалерий Брюсов. Николай Гумилев. Осип Мандельштам. Василий Розанов. Игорь Северянин | |
| 215 |
_a216 с. _cсхем. |
||
| 320 | _aБиблиогр. в конце тем и в подстроч. прим. | ||
| 461 | 0 |
_1001RU\NLR\bibl\55173 _12001#$aКонспекты уроков для учителя литературы$vЧ. 1 _9289655 _cМ. _d1999 _f[Гуманит. изд. центр ВЛАДОС _nВЛАДОС _o11 кл. : Серебрян. век рус. поэзии : Метод. пособие для учителя словесности общеобразоват. шк. : [В 2 ч.] _tКонспекты уроков для учителя литературы _vЧ. 1 |
|
| 464 | 0 |
_1700#1$aБрюсов$bВ. Я.$f1873-1924$gВалерий Яковлевич$4070$3RU\NLR\auth\773661 _aБрюсов, Валерий Яковлевич (1873-1924) |
|
| 464 | 0 |
_1700#1$aГумилев$bН. С.$f1886-1921$gНиколай Степанович$4070$3RU\NLR\auth\773664 _aГумилев, Николай Степанович (1886-1921) |
|
| 464 | 0 |
_1700#1$aМандельштам$bО. Э.$f1891 - 1938$gОсип Эмильевич$4070$3RU\NLR\auth\77504 _aМандельштам, Осип Эмильевич (1891 - 1938) |
|
| 464 | 0 |
_1700#1$aРозанов$bВ. Я.$gВасилий Яковлевич$4070$3RU\NLR\auth\776806 _aРозанов, Василий Яковлевич |
|
| 464 | 0 |
_1700#1$aСеверянин$bИ.$f1887-1941$gИгорь$4070 _aСеверянин, Игорь (1887-1941) |
|
| 801 | 0 |
_aRU _bNLR _c19991015 _gPSBO |
|
| 801 | 1 |
_aRU _bNLR _c19991015 |
|
| 852 |
_aNLR _j99-5/3116 |
||
| 942 | _cBOOK | ||
| 980 | _aNB | ||